Catalina : (Registro nro. 3523)

Detalles MARC
000 -LEADER
fixed length control field 01520nam a2200253Ia 4500
003 - CONTROL NUMBER IDENTIFIER
control field OSt
005 - DATE AND TIME OF LATEST TRANSACTION
control field 20250421145000.0
008 - FIXED-LENGTH DATA ELEMENTS--GENERAL INFORMATION
fixed length control field 191128s1998 ck er 000 f spa d
020 ## - INTERNATIONAL STANDARD BOOK NUMBER
International Standard Book Number 9588052033
040 ## - CATALOGING SOURCE
Original cataloging agency CO-JMCR
Transcribing agency CO-JMCR
041 0# - LANGUAGE CODE
Language code of text/sound track or separate title spa
082 04 - DEWEY DECIMAL CLASSIFICATION NUMBER
Classification number A-N
Edition number MUJc
100 1# - MAIN ENTRY--PERSONAL NAME
Personal name Mújica, Elisa,
Relator term autora
9 (RLIN) 1378
245 10 - TITLE STATEMENT
Title Catalina :
Remainder of title novela /
Statement of responsibility, etc. Elisa Mújica
250 ## - EDITION STATEMENT
Edition statement Primera edición
260 ## - PUBLICATION, DISTRIBUTION, ETC.
Place of publication, distribution, etc. Bogotá :
Name of publisher, distributor, etc. Ministerio de Cultura,
Date of publication, distribution, etc. 1963
300 ## - PHYSICAL DESCRIPTION
Extent xix, 160 páginas ;
Dimensions 21 cm
490 0# - SERIES STATEMENT
Series statement Homenajes Nacionales de Literatura 1998
500 ## - GENERAL NOTE
General note Incluye datos biográficos de la autora en la solapa.
520 ## - SUMMARY, ETC.
Summary, etc. Catalina es la obra de la interioridad ganada -paso a paso y a punta de silencios forzosos- por una mujer que conquista la independencia y la autenticidad frente a una sociedad llena de convenciones frívolas y violentas y de cara a un mundo familiar conformado sin afecto y doblegado por los intereses rapaces de enriquecimiento y prestigio social. Con sus recuerdos como material narrativo, Catalina se remonta a épocas históricas -la Guerra de los Mil Días o las guerras de independencia-a través de su propia historia, la de una muchacha de provincia, hija de familia acomodada, destinada a un previsible matrimonio de conveniencia, pero también a desvelar con ojo crítico y discreto ese rol prefijado a la mujer y a subvertirlo sin tener que destruirse.
650 14 - SUBJECT ADDED ENTRY--TOPICAL TERM
Topical term or geographic name entry element Novela colombiana
Chronological subdivision Siglo XX
9 (RLIN) 1379
650 14 - SUBJECT ADDED ENTRY--TOPICAL TERM
Topical term or geographic name entry element Literatura colombiana
9 (RLIN) 1380
942 ## - ADDED ENTRY ELEMENTS (KOHA)
Source of classification or shelving scheme Dewey Decimal Classification
Koha item type Books
Existencias
Withdrawn status Lost status Source of classification or shelving scheme Damaged status Not for loan Collection code Home library Current library Date acquired Source of acquisition Cost, normal purchase price Total Checkouts Full call number Barcode Date last seen Date last checked out Copy number Price effective from Koha item type
    Dewey Decimal Classification     Fiction Biblioteca Pública José María del Castillo y Rada Biblioteca Pública José María del Castillo y Rada 06/26/2018 Donación 0.00 3 A-N MUJc 201807384 05/08/2025 05/07/2025 Ej.1 11/28/2019 Books